Carte des villes d'Asie de l'Est - Statistiques

Statistiques générales
  • Ce quiz a été pris 162 fois
  • Le résultat moyen est 22 sur 28
Réponses sur la Carte
Les réponses sont colorées sur une échelle allant du rouge au vert en fonction du pourcentage des utilisateurs qui les ont devinées à leur premier essai. Vous pouvez retrouver ces pourcentages ci-dessous.
 
Statistiques - réponses
Réponse % Correct
Séoul
97%
Tokyo
96%
Vladivostok
91%
Pyongyang
90%
Jakarta
88%
Pékin
88%
Taipei
88%
Oulan-Bator
87%
Manille
86%
Ōsaka
86%
Delhi
84%
Singapour
84%
Bangkok
82%
Colombo
79%
Katmandou
79%
Hong Kong
78%
Shanghaï
78%
Dacca
77%
Hô-Chi-Minh-Ville
77%
Kuala Lumpur
77%
Hanoï
76%
Sapporo
73%
Mumbai
72%
Chengdu
69%
Rangoun
60%
Kolkata
58%
Lhassa
55%
Bengaluru
49%
Aucun quiz correspondant
Distribution des résultats
% des personnes avec chaque résultat
Percentile par nombre de réponses
Votre historique - résultats
Vous n’avez pas pris ce quiz